[Event "chess.com IoM Masters"]
[Site "Douglas ENG"]
[Date "2016.10.08"]
[Round "8.46"]
[White "Arnold, Max"]
[Black "Kolbus, Dietmar"]
[Result "1/2-1/2"]
[BlackTitle "IM"]
[WhiteElo "2202"]
[BlackElo "2321"]
[WhiteFideId "24682810"]
[BlackFideId "4610628"]
[EventDate "2016.10.01"]

1. e4 c5 2. b3 d6 3. Bb2 Nf6 4. Bb5+ Nbd7 5. d3 a6 6. Bxd7+ Bxd7 7. f4 e6 8. Nf3
Bc6 9. Nbd2 d5 10. Qe2 d4 11. Ne5 Rc8 12. O-O Be7 13. a4 a5 14. Ndc4 O-O 15.
Nxc6 Rxc6 16. Bc1 Nd7 17. Bd2 b6 18. Qg4 f5 19. Qf3 Nb8 20. Rae1 Bf6 21. Re2 g6
22. g4 fxg4 23. Qxg4 Bg7 24. e5 Qd5 25. Nd6 Nd7 26. Ne4 Rcc8 27. h4 Rf5 28. Nd6
Rcf8 29. Nxf5 Rxf5 30. Rh2 Rh5 31. Qf3 Qxf3 32. Rxf3 Nb8 33. Kg2 Nc6 34. Rf1 Bf8
35. Kg3 Ne7 36. Kg4 Nd5 37. Rh3 Bh6 38. Rhf3 Kf7 39. Rc1 Rf5 40. Rh1 Rh5 41.
Rff1 Ke8 42. Rc1 Kf7 43. Rcg1 Kf8 44. Rf1 Ke8 45. Kf3 Rf5 46. Ke4 Rh5 47. Rfg1
Kf7 48. Rg4 Ke8 49. Rc1 Rf5 50. Rh1 Rh5 51. Rc1 1/2-1/2

[Event "chess.com IoM Masters"]
[Site "Douglas ENG"]
[Date "2016.10.08"]
[Round "8.47"]
[White "Mannion, Stephen R"]
[Black "Leutwyler, Martin"]
[Result "1-0"]
[WhiteTitle "IM"]
[WhiteElo "2313"]
[BlackElo "2168"]
[WhiteFideId "2400111"]
[BlackFideId "1301969"]
[EventDate "2016.10.01"]

1. e4 c6 2. d4 d5 3. e5 Bf5 4. Nf3 e6 5. Be2 c5 6. Be3 cxd4 7. Nxd4 Ne7 8. O-O
Nbc6 9. Bb5 a6 10. Bxc6+ bxc6 11. c4 Qd7 12. Na3 Bg6 13. Qa4 Nf5 14. Nxf5 Bxf5
15. Rfd1 Be7 16. Rac1 f6 17. cxd5 cxd5 18. Qxd7+ Kxd7 19. Nc4 Bd8 20. b4 Rb8 21.
Bc5 Bc7 22. f4 Rhc8 23. h3 h5 24. a4 Be4 25. a5 Rg8 26. Bb6 Rgc8 27. Bxc7 Rxc7
28. Nb6+ Kd8 29. Rxc7 Kxc7 30. Rc1+ Kd8 31. Rc6 Bf5 32. b5 Bd3 33. bxa6 Bxa6 34.
Rxe6 fxe5 35. fxe5 Bc4 36. Kf2 Rb7 37. Rd6+ Ke8 38. Ke3 Bf1 39. g4 Ra7 40. Rxd5
Bxh3 41. gxh5 Bg4 42. Kf4 Bxh5 43. e6 Be2 44. Rc5 Ba6 45. Ke5 Kd8 46. Kd6 1-0

[Event "chess.com IoM Masters"]
[Site "Douglas ENG"]
[Date "2016.10.08"]
[Round "8.48"]
[White "Scott, Gordon W"]
[Black "Zozulia, Anna"]
[Result "1/2-1/2"]
[BlackTitle "IM"]
[WhiteElo "2168"]
[BlackElo "2303"]
[WhiteFideId "419559"]
[BlackFideId "14102110"]
[EventDate "2016.10.01"]

1. d4 g6 2. c4 Bg7 3. Nf3 d6 4. Nc3 Nd7 5. e4 e5 6. Be3 Ne7 7. Be2 O-O 8. O-O h6
9. Qc2 f5 10. dxe5 dxe5 11. Rfd1 f4 12. Bc5 Re8 13. Rd2 b6 14. Bxe7 Qxe7 15. Nd5
Qd8 16. c5 c6 17. Nb4 bxc5 18. Nxc6 Qc7 19. Nb4 Bb7 20. Bc4+ Kh7 21. Nd5 Bxd5
22. Bxd5 Rab8 23. Rc1 Re7 24. Qd1 Nf6 25. Rdc2 Qb6 26. b3 Rd8 27. Rd2 Qa5 28.
Qc2 Nxd5 29. Rxd5 Rxd5 30. exd5 e4 31. d6 Re6 32. Qc4 Rxd6 33. Qxe4 Qxa2 34.
Qxf4 Rb6 35. Rxc5 Qxb3 36. h4 Qd1+ 37. Kh2 Qd6 38. Qxd6 Rxd6 39. Ne5 Bxe5+ 40.
Rxe5 Rd7 41. Ra5 1/2-1/2

[Event "chess.com IoM Masters"]
[Site "Douglas ENG"]
[Date "2016.10.08"]
[Round "8.49"]
[White "Gagare, Shalmali"]
[Black "Osmanodja, Filiz"]
[Result "0-1"]
[WhiteTitle "WIM"]
[BlackTitle "WIM"]
[WhiteElo "1989"]
[BlackElo "2299"]
[WhiteFideId "5038650"]
[BlackFideId "24633569"]
[EventDate "2016.10.01"]

1. d4 Nf6 2. Nf3 e6 3. e3 b6 4. Bd3 Bb7 5. Nbd2 d5 6. Ne5 Bd6 7. f4 O-O 8. Qf3
c5 9. c3 Ne8 10. Qh3 g6 11. Ndf3 f6 12. Ng4 Bc8 13. Qh4 Be7 14. Qg3 Kg7 15. O-O
Ba6 16. Bxa6 Nxa6 17. h4 h5 18. Nf2 Nd6 19. Qh3 Nc7 20. Bd2 Nf5 21. Rfe1 Nb5 22.
Kh1 Nbd6 23. Rad1 Ne4 24. Nxe4 dxe4 25. Nh2 Qd5 26. a3 Qb3 27. Rg1 Rh8 28. g4
hxg4 29. Qxg4 Nxh4 30. f5 exf5 31. Qg3 Qe6 32. d5 Qxd5 33. Qc7 Qd6 34. Qxd6 Bxd6
35. Be1 Nf3 36. Rg2 Nxh2 37. Re2 Nf3+ 38. Kg2 Rh2+ 39. Kf1 Rh1+ 40. Kf2 Rah8 41.
Rxd6 R8h2+ 42. Kg3 Rg1+ 43. Kf4 Rg4# 0-1

[Event "chess.com IoM Masters"]
[Site "Douglas ENG"]
[Date "2016.10.08"]
[Round "8.50"]
[White "Bianco, Valerio"]
[Black "Von Meijenfeldt, Bart"]
[Result "1-0"]
[BlackTitle "FM"]
[WhiteElo "2074"]
[BlackElo "2265"]
[WhiteFideId "800600"]
[BlackFideId "1032259"]
[EventDate "2016.10.01"]

1. d4 Nf6 2. c4 g6 3. Nc3 Bg7 4. e4 d6 5. Nf3 O-O 6. Be2 e5 7. O-O Nc6 8. d5 Ne7
9. Ne1 Nd7 10. Be3 f5 11. f3 f4 12. Bf2 g5 13. Nd3 Nf6 14. c5 Ng6 15. Rc1 Rf7
16. Kh1 Bf8 17. Rg1 h5 18. cxd6 cxd6 19. g3 fxg3 20. Rxg3 g4 21. Qd2 Kh7 22. Be3
Be7 23. Bg5 h4 24. Rgg1 g3 25. hxg3 hxg3 26. f4 exf4 27. Bxf4 Ng4 28. Bxg4 Nxf4
29. Rxg3 Bg5 30. Rf1 Qf8 31. Bxc8 Nxd3 32. Rxf7+ Qxf7 33. Bf5+ Qxf5 34. Qh2+ 1-0

[Event "chess.com IoM Masters"]
[Site "Douglas ENG"]
[Date "2016.10.08"]
[Round "8.51"]
[White "Tirziman, Rudolf"]
[Black "Gungl, Theo"]
[Result "1-0"]
[BlackTitle "FM"]
[WhiteElo "1923"]
[BlackElo "2257"]
[WhiteFideId "2508664"]
[BlackFideId "24695653"]
[EventDate "2016.10.01"]

1. e4 c5 2. Nf3 d6 3. Bb5+ Nd7 4. a4 Nf6 5. Nc3 e6 6. d4 cxd4 7. Nxd4 Be7 8. O-O
O-O 9. f4 a6 10. Be2 Qc7 11. Bf3 Nb6 12. Kh1 Re8 13. g4 e5 14. Nf5 Bxf5 15. exf5
Bf8 16. g5 Nfd7 17. a5 Nc4 18. Bd5 exf4 19. Rxf4 Nce5 20. Qh5 h6 21. Rh4 Kh8 22.
Qd1 Qc5 23. Ne4 Qc8 24. gxh6 g6 25. Bg5 gxf5 26. Nf6 Qd8 27. Nxe8 Qxg5 28. Qh5
Qxh5 29. Rxh5 Rxe8 30. Bxb7 Nc5 31. Bd5 Rb8 32. b3 Ng4 33. Bxf7 Nxh6 34. Bc4 Kh7
35. Rg1 Be7 36. Bf7 Bf8 37. Bg6+ Kg7 38. Bxf5+ Kf7 39. Rf1 Nxf5 40. Rhxf5+ Kg8
41. Rg1+ Bg7 42. Rg6 Ne4 43. Re6 Be5 44. Rfxe5 dxe5 45. Rxa6 Rb5 46. Kg2 Rc5 47.
c4 Nd2 48. Ra8+ Kg7 49. a6 Ra5 50. a7 Ra2 51. Kh3 e4 52. Rd8 Rxa7 53. Rxd2 Ra3
54. Rb2 Kf6 55. Kg3 Ke5 56. c5 Kd4 57. c6 Kc3 58. c7 Ra8 59. Rb1 Kd2 60. Kf4 e3
61. Ke5 e2 62. Kd6 Rh8 63. Kd7 Rh7+ 64. Kc6 Rh6+ 65. Kb7 Rh7 66. Kb8 1-0

[Event "chess.com IoM Masters"]
[Site "Douglas ENG"]
[Date "2016.10.08"]
[Round "8.52"]
[White "Whitehead, David J"]
[Black "Brunello, Marina"]
[Result "0-1"]
[BlackTitle "FM"]
[WhiteElo "2021"]
[BlackElo "2382"]
[WhiteFideId "406813"]
[BlackFideId "822590"]
[EventDate "2016.10.01"]

1. e4 c5 2. Nf3 d6 3. d4 cxd4 4. Nxd4 Nf6 5. Nc3 a6 6. Be3 e5 7. Nb3 Be6 8. f3
h5 9. Qd2 Nbd7 10. Nd5 Bxd5 11. exd5 Qc7 12. c4 b6 13. Be2 g6 14. O-O Bg7 15.
Rac1 O-O 16. Kh1 a5 17. Na1 Nc5 18. Nc2 Qe7 19. Bg5 Qd7 20. Bh6 Kh7 21. Bxg7
Kxg7 22. f4 Nfe4 23. Qe3 Rae8 24. f5 gxf5 25. Qh3 f4 26. g4 Rh8 27. Qg2 hxg4 28.
Rg1 f5 0-1

[Event "chess.com IoM Masters"]
[Site "Douglas ENG"]
[Date "2016.10.08"]
[Round "8.53"]
[White "Rakesh, Kumar Jena"]
[Black "Pasini, Nicolo"]
[Result "1-0"]
[WhiteTitle "FM"]
[WhiteElo "2247"]
[BlackElo "2101"]
[WhiteFideId "5084822"]
[BlackFideId "2809600"]
[EventDate "2016.10.01"]

1. e4 c5 2. Nf3 d6 3. c3 Nf6 4. Be2 g6 5. O-O Bg7 6. Re1 O-O 7. Bf1 e5 8. h3 Nc6
9. d3 d5 10. exd5 Nxd5 11. Na3 h6 12. Nc4 Qe7 13. Ne3 Be6 14. Nxd5 Bxd5 15. Be3
b6 16. Rc1 Qd7 17. Nd2 Rad8 18. Qa4 Ne7 19. Qxd7 Rxd7 20. f4 Nf5 21. fxe5 Nxe3
22. Rxe3 Re8 23. d4 Bc6 24. Nb3 Ba4 25. Re4 Bc6 26. Ree1 Ba4 27. Bc4 Rde7 28.
Nd2 Rd8 29. Nf3 Bc6 30. d5 b5 31. dxc6 bxc4 32. Rcd1 Rc8 33. Rd7 Re6 34. c7 Bf8
35. Nd2 Rc6 36. Rf1 R6xc7 37. Rfxf7 Rxd7 38. Rxd7 Re8 39. Nxc4 Bg7 40. Rxa7 Bxe5
41. Nxe5 Rxe5 42. a4 Rd5 43. a5 Rd1+ 44. Kh2 Rb1 45. a6 Rxb2 46. Rb7 1-0

[Event "chess.com IoM Masters"]
[Site "Douglas ENG"]
[Date "2016.10.08"]
[Round "8.54"]
[White "Parnali, S Dharia"]
[Black "Harari, Zaki"]
[Result "1/2-1/2"]
[WhiteTitle "WIM"]
[WhiteElo "2228"]
[BlackElo "2061"]
[WhiteFideId "5043131"]
[BlackFideId "2002639"]
[EventDate "2016.10.01"]

1. e4 e5 2. d4 exd4 3. Nf3 d5 4. Qxd4 Nf6 5. Nc3 c5 6. Qe5+ Be6 7. exd5 Nxd5 8.
Bg5 Nc6 9. Bb5 Qa5 10. Bxc6+ bxc6 11. O-O h6 12. Nxd5 cxd5 13. Rfe1 hxg5 14.
Qxd5 Rd8 15. Rxe6+ fxe6 16. Qxe6+ Be7 17. Qg6+ Kf8 18. Ne5 Qxa2 19. Re1 Qd5 20.
Qf5+ Bf6 21. Ng6+ Kg8 22. Re8+ Kf7 23. Re7+ Kg8 24. Re8+ Kf7 25. Re7+ Kg8 26.
Re8+ Kf7 27. Re7+ Kg8 1/2-1/2

[Event "chess.com IoM Masters"]
[Site "Douglas ENG"]
[Date "2016.10.08"]
[Round "8.55"]
[White "Rodshtein, Tereza"]
[Black "Birkett, Richard"]
[Result "1-0"]
[WhiteTitle "WGM"]
[WhiteElo "2207"]
[BlackElo "1996"]
[WhiteFideId "325449"]
[BlackFideId "2401819"]
[EventDate "2016.10.01"]

1. e4 e5 2. Nf3 Nc6 3. Bb5 a6 4. Ba4 d6 5. c3 f5 6. d3 Ne7 7. O-O Ng6 8. d4 fxe4
9. Ng5 Be7 10. Qh5 d5 11. Nxh7 Kf7 12. f4 exf4 13. Bb3 Rxh7 14. Qxh7 Bg4 15.
Bxf4 Bf3 16. gxf3 Qd7 17. fxe4 Qg4+ 18. Bg3+ Bf6 19. e5 Ngxe5 20. dxe5 Nxe5 21.
Qf5 Qxf5 22. Rxf5 Ke6 23. Rf1 c6 24. Nd2 Nd3 25. Bc2 Nxb2 26. Rae1+ Kf7 27. Rb1 1-0

[Event "chess.com IoM Masters"]
[Site "Douglas ENG"]
[Date "2016.10.08"]
[Round "8.56"]
[White "Herbold, Manfred"]
[Black "Kotepalli, Sai Nirupama"]
[Result "1-0"]
[WhiteTitle "CM"]
[BlackTitle "WFM"]
[WhiteElo "2155"]
[BlackElo "1944"]
[WhiteFideId "4682882"]
[BlackFideId "5039444"]
[EventDate "2016.10.01"]

1. e4 c5 2. d4 cxd4 3. c3 dxc3 4. Nxc3 Nc6 5. Nf3 e6 6. Bc4 Nf6 7. Qe2 Qc7 8. h3
Bb4 9. O-O d6 10. Nb5 Qb8 11. a3 Ba5 12. Rd1 Bc7 13. Bf4 e5 14. Bg5 a6 15. Nxc7+
Qxc7 16. Rac1 Be6 17. Nh4 h6 18. Bxf6 gxf6 19. b4 Qd7 20. Qf3 Qd8 21. Qh5 Qd7
22. Bxe6 Qxe6 23. Nf5 O-O-O 24. Qe2 Kb8 25. b5 axb5 26. Qxb5 Ne7 27. Rb1 Qd7 28.
Nxe7 Qxe7 29. Rb3 Rd7 30. a4 Rc8 31. a5 Rc5 32. Qb4 Qd8 33. Rxd6 Rxa5 34. Qxb7+
Rxb7 35. Rxd8+ Kc7 36. Rxb7+ Kxb7 37. Rd7+ Kc8 38. Rxf7 Ra6 39. Rh7 Kd8 40. Rxh6
Ke7 41. Rh7+ Kf8 42. Kh2 Ra4 43. f3 Ra2 44. h4 Rb2 45. Kh3 Ra2 46. h5 Rf2 47. h6
Ra2 48. g3 Ra3 49. Kg4 Ra6 50. Rb7 Kg8 51. Kf5 1-0

[Event "chess.com IoM Masters"]
[Site "Douglas ENG"]
[Date "2016.10.08"]
[Round "8.57"]
[White "De Rosa, Mariagrazia"]
[Black "Swati, Mohota"]
[Result "1-0"]
[WhiteTitle "WFM"]
[BlackTitle "WFM"]
[WhiteElo "2102"]
[BlackElo "1948"]
[WhiteFideId "815136"]
[BlackFideId "5006511"]
[EventDate "2016.10.01"]

1. e4 d5 2. exd5 Qxd5 3. Nc3 Qa5 4. d4 Nf6 5. Bc4 c6 6. Ne2 Bf5 7. O-O e6 8. Ng3
Bb4 9. Bd2 O-O 10. a3 Bxc3 11. Bxc3 Qd8 12. Nxf5 exf5 13. Qf3 g6 14. Rad1 Nd5
15. Bd2 b5 16. Bb3 Na6 17. a4 Nac7 18. axb5 cxb5 19. Rfe1 Qd7 20. Re5 Nf6 21.
Ba5 Ng4 22. Rc5 Ne6 23. Rd5 Qe7 24. h3 Ng5 25. Qf4 Ne6 26. Qd2 Nf6 27. Re5 Ne4
28. Qe1 Qf6 29. Bxe6 fxe6 30. f3 Ng5 31. h4 Nf7 32. Rxe6 Qg7 33. Bc3 Qh6 34. d5
Rfd8 35. Qf2 a5 36. b3 b4 37. Bb2 Rac8 38. Rde1 Qf8 39. Qd2 Qc5+ 40. Kh1 Kf8 41.
Rf6 Kg8 42. Rxf7 Kxf7 43. Qh6 Rg8 44. Qxh7+ Kf8 45. Re6 Rc7 46. Rf6+ Ke8 47.
Qxg8+ Kd7 48. Rf7+ Kd6 49. Qd8+ 1-0

[Event "chess.com IoM Masters"]
[Site "Douglas ENG"]
[Date "2016.10.08"]
[Round "8.58"]
[White "Guo, Emma"]
[Black "Lorscheid, Gerhard"]
[Result "1/2-1/2"]
[WhiteTitle "WIM"]
[BlackTitle "FM"]
[WhiteElo "2018"]
[BlackElo "2238"]
[WhiteFideId "3200795"]
[BlackFideId "4606000"]
[EventDate "2016.10.01"]

1. d4 Nf6 2. Nf3 g6 3. Bf4 c5 4. e3 Bg7 5. c3 b6 6. h3 O-O 7. Be2 Bb7 8. O-O d6
9. Bh2 Nbd7 10. a4 a6 11. Nbd2 Qc7 12. Qb3 Rac8 13. Rfd1 Qb8 14. Rac1 Qa8 15.
Bf1 Bc6 16. Ra1 Qb7 17. c4 cxd4 18. exd4 d5 19. Ne5 dxc4 20. Ndxc4 Bd5 21. Qb4
Rfe8 22. Ne3 Nb8 23. Nxd5 Nxd5 24. Qb3 Bh6 25. Bc4 Red8 26. Qf3 e6 27. Bxd5 Rxd5
28. Ng4 Bg7 29. Be5 f5 30. Ne3 Rd7 1/2-1/2

[Event "chess.com IoM Masters"]
[Site "Douglas ENG"]
[Date "2016.10.08"]
[Round "8.59"]
[White "Rocabado, Fernando"]
[Black "Sipos, Silvester"]
[Result "1-0"]
[WhiteElo "2187"]
[BlackElo "2006"]
[WhiteFideId "105341"]
[BlackFideId "444260"]
[EventDate "2016.10.01"]

1. Nf3 Nf6 2. d4 b6 3. c4 Bb7 4. Nc3 e6 5. Bg5 h6 6. Bh4 a6 7. e3 Bb4 8. Bd3 g5
9. Bg3 d5 10. Qa4+ Nc6 11. cxd5 Nxd5 12. Rc1 O-O 13. O-O Nxc3 14. bxc3 Bd6 15.
Bb1 Ne7 16. Qc2 f5 17. Bxd6 Qxd6 18. Ne5 Kg7 19. Qe2 Rf6 20. e4 fxe4 21. Bxe4
Bxe4 22. Qxe4 Raf8 23. g3 Rf5 24. Rc2 Qd5 25. Qe2 a5 26. Qh5 R5f6 27. Re1 Nf5
28. Rce2 b5 29. Nd3 Qc4 30. Nc5 e5 31. Nd7 exd4 32. Nxf8 Rxf8 33. Re6 Rf6 34.
Rxf6 Kxf6 35. cxd4 Qc3 36. Rd1 Nxd4 37. Qxh6+ Kf5 38. Qh7+ Ke5 39. Qg7+ Ke4 40.
Qg6+ Ke5 41. Qxg5+ Kd6 42. Qe3 1-0

[Event "chess.com IoM Masters"]
[Site "Douglas ENG"]
[Date "2016.10.08"]
[Round "8.60"]
[White "Dahl, Baard"]
[Black "Ottosen, David"]
[Result "1-0"]
[WhiteElo "1921"]
[BlackElo "2105"]
[WhiteFideId "444251"]
[BlackFideId "2603080"]
[EventDate "2016.10.01"]

1. Nf3 Nf6 2. c4 c5 3. Nc3 g6 4. e4 d6 5. d4 cxd4 6. Nxd4 Bg7 7. Be2 O-O 8. O-O
Nc6 9. Be3 Bd7 10. Nc2 Ne5 11. f4 Neg4 12. Bd4 e5 13. fxe5 dxe5 14. Bc5 Re8 15.
h3 Rc8 16. hxg4 Rxc5 17. g5 Nh5 18. Bxh5 gxh5 19. Qxh5 Be6 20. Rad1 Qc7 21. Ne3
Rc6 22. Ncd5 1-0

[Event "chess.com IoM Masters"]
[Site "Douglas ENG"]
[Date "2016.10.08"]
[Round "8.61"]
[White "Tiwari, Ashwani"]
[Black "Fathallah, Joe"]
[Result "1/2-1/2"]
[WhiteTitle "FM"]
[WhiteElo "2090"]
[BlackElo "1990"]
[WhiteFideId "5006961"]
[BlackFideId "1801899"]
[EventDate "2016.10.01"]

1. e4 e6 2. d3 d5 3. Nd2 Nf6 4. Ngf3 c5 5. g3 Nc6 6. Bg2 Be7 7. O-O O-O 8. Re1
a5 9. a4 Ra6 10. e5 Nd7 11. Nf1 f6 12. exf6 Bxf6 13. h4 Nde5 14. Nxe5 Nxe5 15.
Nh2 Ng6 16. c3 Nxh4 17. gxh4 Bxh4 18. Re2 e5 19. d4 Rg6 20. dxe5 Bh3 21. f4 d4
22. cxd4 Qd5 23. Qf1 cxd4 24. Kh1 Bxg2+ 25. Rxg2 Bg3 26. Qf3 Qxf3 27. Nxf3 Rh6+
28. Kg1 Bxf4 29. Nxd4 Rb6 30. Bxf4 Rxf4 31. Nb5 Re6 32. Rd1 Rxe5 33. Rd8+ Rf8
34. Rd7 Rf7 35. Rxf7 Kxf7 36. Nd6+ Kf6 37. Nxb7 g5 38. Rc2 h5 39. Rc6+ Ke7 40.
Rc5 Re4 41. b3 Kf6 42. Kf2 h4 43. Rc4 Rxc4 44. bxc4 Ke5 45. Kf3 Kd4 46. Nxa5 Kc5
47. Kg4 Kd4 48. Nc6+ Kxc4 49. Ne5+ Kb4 50. Nf3 1/2-1/2

[Event "chess.com IoM Masters"]
[Site "Douglas ENG"]
[Date "2016.10.08"]
[Round "8.62"]
[White "Scott, Luke"]
[Black "Wallace, Paul"]
[Result "0-1"]
[WhiteElo "2018"]
[BlackElo "2210"]
[WhiteFideId "2507986"]
[BlackFideId "2500892"]
[EventDate "2016.10.01"]

1. d4 Nf6 2. Nf3 g6 3. c4 Bg7 4. Nc3 O-O 5. e4 d6 6. Be2 e5 7. O-O exd4 8. Nxd4
Nc6 9. Nc2 Re8 10. f3 Ne5 11. Be3 Be6 12. b3 Nfd7 13. Qd2 f5 14. Bg5 Nf6 15.
Rae1 Qd7 16. Nd4 Nf7 17. Bxf6 Bxf6 18. exf5 Bxf5 19. g4 Be6 20. Ne4 Bg7 21. Bd1
Qd8 22. f4 Qh4 23. f5 Bxf5 24. Nxf5 gxf5 25. Rxf5 Re5 26. Ng3 Rae8 27. Rexe5
Rxe5 28. Rxe5 Bxe5 29. Nf5 Qh3 30. Qf2 Qd3 31. Bf3 Ng5 32. Bd5+ Kh8 33. Qh4 Qxd5
34. Qxg5 Bd4+ 35. Kf1 Qf3+ 36. Ke1 Bc3+ 0-1

[Event "chess.com IoM Masters"]
[Site "Douglas ENG"]
[Date "2016.10.08"]
[Round "8.63"]
[White "Laustsen, Lars"]
[Black "Hamer, Martyn"]
[Result "1/2-1/2"]
[WhiteElo "2151"]
[BlackElo "2063"]
[WhiteFideId "1407554"]
[BlackFideId "413160"]
[EventDate "2016.10.01"]

1. d4 Nf6 2. c4 g6 3. Nf3 Bg7 4. g3 O-O 5. Bg2 d6 6. O-O Nc6 7. Nc3 e5 8. d5 Ne7
9. e4 a5 10. Ne1 Nd7 11. Nd3 f5 12. f4 b6 13. fxe5 Nxe5 14. Nxe5 Bxe5 15. Bh6
Rf7 16. Qd2 Kh8 17. Nb5 Ng8 18. Bg5 Qf8 19. Nd4 fxe4 20. Ne6 Bxe6 21. dxe6 Rxf1+
22. Rxf1 Qe8 23. Bxe4 Rc8 24. Bb7 Rb8 25. Bd5 c6 26. Bf3 Qxe6 27. b3 Ne7 28.
Bxe7 Qxe7 29. Bxc6 Rf8 30. Rxf8+ Qxf8 31. Qf2 1/2-1/2

[Event "chess.com IoM Masters"]
[Site "Douglas ENG"]
[Date "2016.10.09"]
[Round "9.1"]
[White "So, Wesley"]
[Black "Eljanov, Pavel"]
[Result "1/2-1/2"]
[WhiteTitle "GM"]
[BlackTitle "GM"]
[WhiteElo "2794"]
[BlackElo "2741"]
[WhiteFideId "5202213"]
[BlackFideId "14102951"]
[EventDate "2016.10.01"]

1. Nf3 Nf6 2. c4 c5 3. Nc3 Nc6 4. g3 d5 5. cxd5 Nxd5 6. Bg2 Nxc3 7. bxc3 e5 8.
O-O Be7 9. d4 exd4 10. cxd4 cxd4 11. Bb2 Bf6 12. Ba3 Be7 13. Bxe7 Qxe7 14. Nxd4
Nxd4 15. Qxd4 O-O 16. e3 Rd8 17. Qe4 Qxe4 18. Bxe4 Rb8 19. Rfc1 Be6 20. Rc7 Rd7
21. Rxd7 Bxd7 22. Rd1 Be6 23. Bxb7 Bxa2 24. Ra1 Rxb7 25. Rxa2 h5 26. Kg2 g6 27.
f4 Kg7 28. Kf3 f5 29. h3 Re7 30. Ra3 Kf7 31. g4 hxg4+ 32. hxg4 fxg4+ 33. Kxg4 a5
34. f5 gxf5+ 35. Kxf5 Re6 36. Rxa5 Rxe3 37. Ra7+ Re7 38. Rxe7+ Kxe7 1/2-1/2

[Event "chess.com IoM Masters"]
[Site "Douglas ENG"]
[Date "2016.10.09"]
[Round "9.2"]
[White "Caruana, Fabiano"]
[Black "Adams, Michael"]
[Result "1-0"]
[WhiteTitle "GM"]
[BlackTitle "GM"]
[WhiteElo "2813"]
[BlackElo "2745"]
[WhiteFideId "2020009"]
[BlackFideId "400041"]
[EventDate "2016.10.01"]

1. e4 e5 2. Nf3 Nc6 3. Bb5 Nf6 4. d3 Bc5 5. c3 O-O 6. O-O Re8 7. Bg5 h6 8. Bh4
a6 9. Bc4 d6 10. Nbd2 Ba7 11. a4 Be6 12. a5 Bxc4 13. Nxc4 Re6 14. Ne3 Bxe3 15.
fxe3 d5 16. d4 exd4 17. Bxf6 Rxf6 18. e5 Re6 19. exd4 f6 20. Re1 Qd7 21. Qb3
fxe5 22. dxe5 Rf8 23. Re3 Rg6 24. Kh1 Nd8 25. Rd1 c6 26. c4 d4 27. Qc2 Rg4 28.
h3 Rgf4 29. b4 Rxf3 30. Rxf3 Rxf3 31. gxf3 Qxh3+ 32. Kg1 Qg3+ 33. Qg2 Qxe5 34.
f4 Qxf4 35. Re1 Qf6 36. Qg4 Nf7 37. Re8+ Kh7 38. Re6 Qg5 39. Qxg5 Nxg5 40. Re7
c5 41. b5 axb5 42. cxb5 c4 43. Kf2 c3 44. Ke2 Nh3 45. Rf7 1-0

[Event "chess.com IoM Masters"]
[Site "Douglas ENG"]
[Date "2016.10.09"]
[Round "9.3"]
[White "Rodshtein, Maxim"]
[Black "Naiditsch, Arkadij"]
[Result "0-1"]
[WhiteTitle "GM"]
[BlackTitle "GM"]
[WhiteElo "2687"]
[BlackElo "2684"]
[WhiteFideId "2806851"]
[BlackFideId "4650891"]
[EventDate "2016.10.01"]

1. c4 Nf6 2. Nc3 g6 3. e4 d6 4. d4 Bg7 5. Nf3 O-O 6. h3 e5 7. d5 a5 8. g4 Na6 9.
Be3 Nc5 10. Nd2 c6 11. Be2 Bd7 12. g5 Ne8 13. Nb3 cxd5 14. exd5 Na4 15. Nd2 Nxc3
16. bxc3 f5 17. gxf6 Bxf6 18. Bg4 Bf5 19. Bxf5 gxf5 20. Rb1 Rf7 21. Rg1+ Kh8 22.
Qh5 Qd7 23. Bg5 e4 24. Bxf6+ Nxf6 25. Qh6 Re8 26. Qf4 Qa4 27. Rg5 e3 28. fxe3
Qc2 29. Qd4 f4 30. Rxb7 fxe3 31. Ne4 e2 0-1

[Event "chess.com IoM Masters"]
[Site "Douglas ENG"]
[Date "2016.10.09"]
[Round "9.4"]
[White "Sargissian, Gabriel"]
[Black "Shirov, Alexei"]
[Result "1/2-1/2"]
[WhiteTitle "GM"]
[BlackTitle "GM"]
[WhiteElo "2670"]
[BlackElo "2679"]
[WhiteFideId "13300881"]
[BlackFideId "2209390"]
[EventDate "2016.10.01"]

1. Nf3 d5 2. g3 Bg4 3. Bg2 Nd7 4. O-O Ngf6 5. h3 Bxf3 6. Bxf3 c6 7. d3 e5 8. e4
dxe4 9. dxe4 Bc5 10. a4 a5 11. Nd2 O-O 12. Qe2 Qc7 13. Nb3 Bb6 14. Qc4 Rfd8 15.
Rd1 h6 16. Bd2 Nf8 17. Bc3 Ne6 18. Kg2 c5 19. Rxd8+ Rxd8 20. Rd1 Nd4 21. Bxd4
cxd4 22. Qb5 Nd7 23. Rc1 Nc5 24. Nd2 Qc6 25. Qxc6 bxc6 26. b3 Na6 27. Be2 Nb4
28. Bd3 Bc7 29. Rf1 g5 30. Rh1 h5 31. h4 g4 32. f3 gxf3+ 33. Kxf3 Rd6 34. Kg2
Kg7 35. Rf1 Rh6 36. Rf5 f6 37. Kh3 Nxd3 38. cxd3 Bd6 39. Nc4 Bb4 40. Rf1 Rg6 41.
Kg2 Kg8 42. Rf5 Be1 43. Kf1 Bb4 44. Kf2 Rh6 45. g4 hxg4 46. h5 Kg7 47. Kg3 Rh8
48. Kxg4 Rg8 49. Kh3 Rh8 50. Kg2 Bc3 51. Kh3 Rb8 52. Kg4 Rxb3 53. h6+ Kg6 54. h7
Rb8 55. Rh5 Rh8 56. Nb6 Bb4 57. Nd7 Bd6 58. Rh1 Bb4 59. Nb8 c5 60. Nd7 c4 61.
dxc4 d3 62. Kf3 Rxh7 63. Rxh7 Kxh7 64. Nxf6+ Kg6 65. Nd7 d2 66. Ke2 Kg5 67. Nxe5
Kf4 68. Nd3+ Kxe4 69. Nxb4 Kd4 70. Na2 Kxc4 71. Kxd2 Kb3 72. Nc3 Kb4 73. Kc2 Ka3
74. Kd3 Kb3 75. Kd2 Kb4 76. Kd3 Kb3 77. Kd4 Kb4 78. Kd5 Kxc3 79. Kc5 Kd3 1/2-1/2

[Event "chess.com IoM Masters"]
[Site "Douglas ENG"]
[Date "2016.10.09"]
[Round "9.6"]
[White "Vidit, Santosh Gujrathi"]
[Black "Granda Zuniga, Julio E"]
[Result "1/2-1/2"]
[WhiteTitle "GM"]
[BlackTitle "GM"]
[WhiteElo "2686"]
[BlackElo "2648"]
[WhiteFideId "5029465"]
[BlackFideId "3800024"]
[EventDate "2016.10.01"]

1. d4 Nf6 2. c4 e6 3. Nc3 Bb4 4. Qc2 O-O 5. a3 Bxc3+ 6. Qxc3 b6 7. Bg5 Bb7 8. e3
d6 9. Ne2 Nbd7 10. Qc2 c5 11. Rd1 Qc7 12. Nc3 a6 13. Bh4 Rac8 14. dxc5 Qxc5 15.
Qd2 d5 16. cxd5 Nxd5 17. Nxd5 Qxd5 18. Qxd5 exd5 19. Bd3 d4 20. Bf5 Bxg2 21. Rg1
Bc6 22. exd4 Bb5 23. Kd2 Rfe8 24. Rde1 g6 25. Bh3 Rxe1 26. Rxe1 Rc4 27. Re4 Nc5
28. dxc5 Rxe4 29. cxb6 Rd4+ 30. Kc3 Rd3+ 31. Kb4 Rd4+ 32. Kc3 Rd3+ 33. Kb4 Rd4+
34. Kc3 Rd3+ 35. Kb4 1/2-1/2